All Premier League Centre Backs 23/24 - Statistics

General Stats
  • This quiz has been taken 29 times
  • The average score is 57 of 99
Answer Stats
Club Nation # Answer % Correct
Arsenal Brazil 6 Gabriel
96%
Aston Villa England 5 Tyrone Mings
96%
Arsenal France 2 William Saliba
96%
Aston Villa England 4 Ezri Konsa
92%
Man City Portugal 3 Ruben Dias
92%
Chelsea Brazil 6 Thiago Silva
92%
Man City England 5 John Stones
88%
Man United Northern Ireland 35 Jonny Evans
88%
Man City Croatia 24 Josko Gvardiol
88%
Man United Argentina 6 Lisandro Martinez
88%
Man City Switzerland 25 Manuel Akanji
88%
Spurs Netherlands 37 Micky van de Ven
88%
Man City Netherlands 6 Nathan Ake
88%
Man United France 19 Raphael Varane
88%
Man United Sweden 2 Victor Lindelof
88%
Liverpool Netherlands 4 Virgil van Dijk
88%
Spurs Argentina 17 Cristian Romero
84%
Man United England 5 Harry Maguire
84%
Liverpool France 5 Ibrahima Konate
84%
Liverpool Cameroon 32 Joel Matip
84%
Arsenal Netherlands 12 Jurrien Timber
84%
Aston Villa Spain 14 Pau Torres
84%
Newcastle Netherlands 4 Sven Botman
84%
Chelsea France 2 Axel Disasi
80%
Newcastle Switzerland 5 Fabian Schar
80%
Liverpool England 2 Joe Gomez
80%
Brighton England 5 Lewis Dunk
80%
West Ham Italy 21 Angelo Ogbonna
76%
Chelsea France 5 Benoit Badiashile
76%
Aston Villa Brazil 3 Diego Carlos
76%
Crystal Palace Denmark 16 Joachim Andersen
76%
Everton England 6 James Tarkowski
72%
Liverpool England 78 Jarell Quansah
72%
Luton Town Denmark 5 Mads Andersen
72%
Crystal Palace England 6 Marc Guehi
72%
Fulham USA 13 Tim Ream
72%
West Ham Greece 15 Kostantinos Mavropanos
68%
West Ham France 4 Kurt Zouma
68%
West Ham Morocco 27 Nayef Aguerd
68%
Spurs Romania 6 Radu Dragusin
68%
Fulham France 31 Issa Diop
64%
Everton England 32 Jarrad Branthwaite
64%
Chelsea England 26 Levi Colwill
64%
Everton England 5 Michael Keane
64%
Nottingham Ivory Coast 30 Willy Boly
64%
Brentford England 16 Ben Mee
60%
Crystal Palace USA 26 Chris Richards
60%
Brentford Jamaica 5 Ethan Pinnock
60%
Newcastle England 6 Jamaal Lascelles
60%
Brentford Norway 20 Kristoffer Ajer
60%
Wolves England 23 Max Kilman
60%
Chelsea England 14 Trevoh Chalobah
60%
Chelsea France 33 Wesley Fofana
60%
Bournemouth Argentina 25 Marcos Senesi
56%
Brighton England 4 Adam Webster
52%
Brighton Netherlands 29 Jan Paul van Hecke
52%
Brentford Ireland 22 Nathan Collins
52%
Fulham Nigeria 3 Calvin Bassey
48%
Bournemouth Wales 6 Chris Mepham
48%
Aston Villa France 17 Clement Lenglet
48%
Brighton Brazil 3 Igor
48%
Bournemouth Ukraine 27 Ilya Zabarnyi
48%
Fulham England 4 Tosin Adarabioyo
48%
Man United France 53 Willy Kambwala
48%
Chelsea England 42 Alfie Gilchrist
44%
Aston Villa England 30 Kortney Hause
44%
Sheffield England 30 Mason Holgate
44%
Nottingham Brazil 40 Murillo
44%
Newcastle Wales 3 Paul Dummett
44%
Sheffield Bosnia 15 Anel Ahmedhodzic
40%
Everton England 22 Ben Godfrey
40%
Wolves England 15 Craig Dawson
40%
Nottingham Brazil 18 Felipe
40%
Burnley Germany 5 Jordan Beyer
40%
Nottingham Senegal 19 Moussa Niakhate
40%
Aston Villa England 16 Calum Chambers
36%
Burnley Ireland 2 Dara O'Shea
36%
Crystal Palace England 5 James Tomkins
36%
Bournemouth England 5 Lloyd Kelly
36%
Liverpool England 46 Rhys Williams
36%
Crystal Palace England 4 Rob Holding
36%
Luton Town Wales 4 Tom Lockyer
36%
Wolves Portugal 24 Toti
36%
Sheffield USA 5 Aaron Trusty
32%
Sheffield Ireland 12 John Egan
32%
Brentford Denmark 13 Zanka
32%
Burnley Sweden 18 Hjalmar Ekdal
28%
Sheffield England 19 Jack Robinson
24%
Luton Town England 16 Reece Burke
24%
Wolves Spain 4 Santiago Bueno
24%
Luton Town England 15 Teden Mengi
24%
Burnley Belgium 28 Ameen Al Dakhil
20%
Sheffield England 6 Chris Basham
20%
Burnley Belgium 44 Hannes Delcroix
20%
Burnley France 33 Maxime Esteve
20%
Nottingham Ireland 32 Andrew Omobamidele
12%
Luton Town Nigeria 2 Gabriel Osho
12%
Bournemouth England 23 James Hill
12%
Crystal Palace England 36 Nathan Ferguson
4%
No matching quizzes found
Score Distribution
Percent of People with Each Score
Percentile by Number Answered
Your Score History
You have not taken this quiz